[Event "AUTO-INT-2049"]
[Site "http://www.queenalice.com/game.php?id=944734"]
[Date "2011.5.31"]
[Round "1"]
[White "giottoric"]
[Black "thomas01"]
[Result "0-1"]
[WhiteElo "1536"]
[BlackElo "1596"]

1. e4 d6 2. d4 e5 3. dxe5 Be6 4. exd6 Bxd6 5. Nf3 h6 6. Nd4 Qf6 7. c3 c5 8. Nb5
Be5 9. Qa4 Bd7 10. Bc4 a6 11. Qb3 axb5 12. Bxb5 Bxb5 13. Qxb5+ Qc6 14. Qc4 b5
15. Qd5 f6 16. Na3 Ne7 17. Qb3 c4 18. Qc2 Na6 19. Bd2 O-O 20. b3 Kh8 21. bxc4
bxc4 22. O-O f5 23. Rae1 Qd6 24. Nxc4 Bxh2+ 25. Kh1 Qc7 26. Ne3 Be5 27. exf5 Bf6
28. Ng4 Rae8 29. Qd3 Nc5 30. Qh3 Kg8 31. Re3 Nxf5 32. Rxe8 Rxe8 33. Bxh6 Nxh6
34. Nxh6+ gxh6 35. Qxh6 Bg7 36. Qh5 Re5 37. Qg4 Re4 38. Qg5 Qf4 39. Qxc5 Be5 40.
g3 Qf3+ 41. Kh2 Rh4+ 42. Kg1 Qh1# 0-1

[Event "AUTO-INT-2049"]
[Site "http://www.queenalice.com/game.php?id=944747"]
[Date "2011.5.31"]
[Round "1"]
[White "giottoric"]
[Black "roqqk38"]
[Result "1-0"]
[WhiteElo "1519"]
[BlackElo "1642"]

1. e4 e5 2. Nc3 Nc6 3. Nf3 Nf6 4. d4 Bd6 5. d5 Na5 6. Bg5 h6 7. Bxf6 Qxf6 8. Be2
Bc5 9. O-O d6 10. Nb5 Bb6 11. a4 c6 12. b4 cxb5 13. bxa5 Bxa5 14. Bxb5+ Bd7 15.
Bxd7+ Kxd7 16. c4 Rhc8 17. Qb3 Kc7 18. Rab1 b6 19. Rfd1 g5 20. c5 dxc5 21. d6+
Kd7 22. Qb5+ Rc6 23. Qa6 g4 24. Qb7+ Ke6 25. Qxc6 gxf3 26. d7+ Ke7 27. Qxa8 b5
28. d8=Q+ Bxd8 29. Qxd8+ Ke6 30. Rd6# 1-0

[Event "AUTO-INT-2049"]
[Site "http://www.queenalice.com/game.php?id=944748"]
[Date "2011.5.31"]
[Round "1"]
[White "roqqk38"]
[Black "giottoric"]
[Result "0-1"]
[WhiteElo "1676"]
[BlackElo "1522"]

1. e4 c5 2. Bc4 Nf6 3. d3 d5 4. exd5 Nxd5 5. Qe2 e6 6. Nf3 Nc6 7. Na3 Bd6 8.
Bxd5 Nd4 9. Nxd4 O-O 10. Nxe6 fxe6 11. Bxe6+ Kh8 12. Qg4 Bxe6 13. Qh5 Bf7 14.
Qh3 Re8+ 15. Be3 Qa5+ 16. c3 b5 17. Qd7 Qc7 18. Qxc7 Bxc7 19. O-O-O Bxa2 20.
Nxb5 Bb6 21. Bxc5 Bxc5 22. Kd2 Rab8 23. c4 Bb3 24. Ra1 Bb4+ 25. Kc1 Re2 26. Nxa7
Ra8 27. Ra6 h6 28. f4 Rd8 29. Nc6 Bd2+ 30. Kb1 Rxd3 31. Ne5 Rde3 32. Nf3 Rxg2
33. Nh4 Rge2 34. Ra8+ Kh7 35. Rb8 Bxc4 36. Nf5 Re1+ 37. Rxe1 Rxe1+ 38. Kc2 Bxf4
39. h4 Bxb8 40. Kc3 Re4 41. Nd4 Bd5 42. b4 Rxh4 43. b5 Be5 0-1

[Event "AUTO-INT-2049"]
[Site "http://www.queenalice.com/game.php?id=944749"]
[Date "2011.5.31"]
[Round "1"]
[White "giottoric"]
[Black "zaccho"]
[Result "1-0"]
[WhiteElo "1567"]
[BlackElo "1683"]

1. e4 e5 2. Nf3 Bd6 3. d4 exd4 4. Nxd4 Bc5 5. c3 Bxd4 6. cxd4 Qf6 7. d5 b6 8.
Qc2 c5 9. Nc3 a6 10. Be2 g6 11. O-O h5 12. f4 h4 13. e5 Qd8 14. f5 g5 15. f6 Nh6
16. Bf3 Ra7 17. Bxg5 Ng8 18. d6 Nh6 19. h3 Ng8 20. Rae1 a5 21. Bg4 Ba6 22. Rf4
Nc6 23. Nd5 Kf8 24. b3 Nd4 25. Qe4 Bb7 26. Bxd7 Bxd5 27. Qxd5 Qxd7 28. Bxh4 Nh6
29. Bg5 Nhf5 30. Kh2 Rh5 31. h4 a4 32. g4 Rh8 33. gxf5 axb3 34. axb3 Ra3 35. e6
fxe6 36. fxe6 Nxe6 37. Rxe6 Qb5 38. Rf2 Rxb3 39. Qa8+ Kf7 40. Re7+ Kg6 41. Rg7+
Kh5 42. Qxh8+ Kg4 43. Bd2# 1-0

[Event "AUTO-INT-2049"]
[Site "http://www.queenalice.com/game.php?id=944750"]
[Date "2011.5.31"]
[Round "1"]
[White "zaccho"]
[Black "giottoric"]
[Result "0-1"]
[WhiteElo "1660"]
[BlackElo "1546"]

1. e3 e5 2. Qh5 Nc6 3. Bb5 g6 4. Qg4 d6 5. Qf3 Bd7 6. Bxc6 Bxc6 7. e4 Nf6 8. Nh3
Nxe4 9. Qd1 Ng5 10. Nxg5 Qxg5 11. Rg1 d5 12. g3 Qf6 13. b3 d4 14. Bb2 Bf3 15.
Qc1 Qa6 16. c4 O-O-O 17. g4 Qf6 18. d3 Bb4+ 19. Kf1 e4 20. dxe4 Qh4 21. Rg3 Bxe4
22. h3 Rhe8 23. Qf4 f5 24. a3 Bd6 25. Qd2 Bxg3 26. Bxd4 Qxh3+ 27. Ke1 Qh1+ 28.
Ke2 Bf3+ 29. Kd3 Be5 30. Kc2 Be4+ 31. Kb2 Bxd4+ 32. Nc3 Qf3 33. Qc1 Qxf2+ 0-1

[Event "AUTO-INT-2104"]
[Site "http://www.queenalice.com/game.php?id=968191"]
[Date "2011.8.2"]
[Round "1"]
[White "Bunecov"]
[Black "giottoric"]
[Result "0-1"]
[WhiteElo "1613"]
[BlackElo "1602"]

1. e4 e5 2. Nf3 Bc5 3. Nxe5 Nf6 4. f3 d5 5. Bb5+ c6 6. Bf1 dxe4 7. fxe4 Nxe4 8.
Bc4 O-O 9. d3 Nf2 10. Qe2 Nxh1 11. Bf4 Re8 12. g3 Kf8 13. c3 Nd7 14. d4 Bd6 15.
Qg2 Nxe5 16. Kd2 Nxc4+ 17. Kd3 Ne5+ 18. Bxe5 Bxe5 19. Qxh1 Bf5+ 20. Kd2 Qg5+ 21.
Kd1 Bg4+ 22. Kc2 Bd6 23. Nd2 Re2 24. h4 Rxd2+ 25. Kb3 Qb5# 0-1

[Event "AUTO-INT-2104"]
[Site "http://www.queenalice.com/game.php?id=968192"]
[Date "2011.8.2"]
[Round "1"]
[White "giottoric"]
[Black "Bunecov"]
[Result "1-0"]
[WhiteElo "1623"]
[BlackElo "1626"]

1. e4 e5 2. Bc4 Nf6 3. d4 exd4 4. Qxd4 Nc6 5. Qe3 Bb4+ 6. c3 Bf8 7. e5 Ng4 8.
Qe2 Ncxe5 9. Bf4 d6 10. Nh3 h6 11. O-O g5 12. Bxe5 Nxe5 13. Bb3 Bxh3 14. gxh3 h5
15. Qb5+ c6 16. Qxb7 d5 17. Ba4 Bd6 18. Bxc6+ Kf8 19. Bxd5 g4 20. Re1 Rb8 21.
Qxa7 f6 22. Rxe5 Bc7 23. Rf5 gxh3 24. Na3 Rg8+ 25. Kf1 Rg5 26. Rxg5 fxg5 27. c4
Rxb2 28. Nb5 Rxb5 29. Rc1 Ra5 30. Qd4 Ke8 31. Re1+ Kd7 32. Bb7+ Bd6 33. Re2 Qc7
34. Qg7+ Kd8 35. Qg8+ Bf8 36. Qxf8+ Kd7 37. Qe7# 1-0

[Event "AUTO-INT-2104"]
[Site "http://www.queenalice.com/game.php?id=968205"]
[Date "2011.8.2"]
[Round "1"]
[White "Vermelho"]
[Black "giottoric"]
[Result "0-1"]
[WhiteElo "1705"]
[BlackElo "1575"]

1. e4 e5 2. Nf3 Nf6 3. Bc4 Nc6 4. Ng5 d5 5. exd5 Nxd5 6. d3 Bb4+ 7. c3 Be7 8.
O-O Be6 9. Nxe6 fxe6 10. Bb5 O-O 11. Bxc6 bxc6 12. Re1 Bd6 13. c4 Ne7 14. Nc3
Nf5 15. a3 Qf6 16. b4 Rad8 17. c5 Nh4 18. g3 Nf3+ 19. Kf1 Nxh2+ 20. Kg2 Qxf2+
21. Kh3 g5 22. Re2 g4+ 23. Kh4 Be7+ 24. Bg5 Bxg5+ 25. Kxg5 Qf5+ 26. Kh4 Rf6 27.
Qd2 Nf3# 0-1

[Event "AUTO-INT-2104"]
[Site "http://www.queenalice.com/game.php?id=968206"]
[Date "2011.8.2"]
[Round "1"]
[White "giottoric"]
[Black "Vermelho"]
[Result "0-1"]
[WhiteElo "1588"]
[BlackElo "1653"]

1. e4 e5 2. Nf3 Nc6 3. d4 Nf6 4. Bc4 Nxe4 5. Nxe5 Nxe5 6. dxe5 Bc5 7. Be3 Bxe3
8. Bxf7+ Kxf7 9. Qd5+ Ke8 10. O-O Bxf2+ 11. Kh1 Qh4 12. Nc3 Ng3# 0-1

[Event "AUTO-INT-2128"]
[Site "http://www.queenalice.com/game.php?id=978453"]
[Date "2011.8.29"]
[Round "1"]
[White "ciceroeduardo"]
[Black "giottoric"]
[Result "1-0"]
[WhiteElo "1641"]
[BlackElo "1652"]

1. e4 e5 2. Nf3 Nc6 3. Bc4 Nf6 4. Nc3 Nd4 5. O-O Bb4 6. Nxe5 d5 7. Nxd5 O-O 8.
Nxb4 Nxe4 9. c3 Ne6 10. d3 Nd6 11. Qe2 Nxc4 12. Nxc4 c5 13. Nc2 Re8 14. Ne5 Qf6
15. Ng4 Qd8 16. Nce3 b6 17. Ne5 Ng5 18. f4 f6 19. N5c4 Nf7 20. b4 cxb4 21. cxb4
Bf5 22. Nb2 b5 23. Bd2 Bc8 24. Rac1 Be6 25. a3 Qd4 26. Bc3 1-0

[Event "AUTO-INT-2128"]
[Site "http://www.queenalice.com/game.php?id=978454"]
[Date "2011.8.29"]
[Round "1"]
[White "giottoric"]
[Black "ciceroeduardo"]
[Result "0-1"]
[WhiteElo "1636"]
[BlackElo "1657"]

1. e4 e5 2. Nf3 Nc6 3. Nc3 Bc5 4. d4 exd4 5. Nb5 a6 6. Nbxd4 Nf6 7. Bg5 O-O 8.
Be2 Nxd4 9. Nxd4 Re8 10. f3 Re5 11. Bf4 Re7 12. Nf5 Re6 13. e5 Nh5 14. Bc4 Rb6
15. Qd5 Qe8 16. Bh6 gxh6 17. Nxh6+ Kg7 18. Nxf7 d6 19. O-O-O Be3+ 20. Kb1 Be6
21. Qxe6 Qxe6 22. Bxe6 Re8 23. exd6 cxd6 24. Bg4 Nf6 25. Nxd6 Re5 0-1

[Event "AUTO-INT-2128"]
[Site "http://www.queenalice.com/game.php?id=978471"]
[Date "2011.8.29"]
[Round "1"]
[White "giottoric"]
[Black "SunKite"]
[Result "1-0"]
[WhiteElo "1574"]
[BlackElo "1484"]

1. e4 e5 2. Nf3 Qf6 3. d4 exd4 4. Bd3 Nc6 5. a3 a5 6. Bg5 Qg6 7. e5 Qe6 8. O-O
h6 9. Bh4 Nxe5 10. Nxe5 Qxe5 11. Re1 Qxe1+ 12. Qxe1+ Be7 13. Bg3 d6 14. c3 dxc3
15. Nxc3 c6 16. Bxd6 Be6 17. Qe5 Bf6 18. Qe4 Rd8 19. Qf4 g5 20. Qg3 Be7 21. Bxe7
Nxe7 22. Qe5 Rg8 23. Bh7 Rf8 24. Na4 Rd5 25. Qb8+ Bc8 26. Nb6 Rd8 27. Re1 Bf5
28. Qxb7 Be6 29. g4 Rh8 30. Be4 Bxg4 31. Bxc6+ Kf8 32. Qxe7+ Kg7 33. Nd5 Be6 34.
Rxe6 Rdf8 35. Rg6+ Kxg6 36. Qe4+ Kg7 37. Ne7 Rh7 38. Qe5+ f6 39. Qf5 Kh8 40.
Ng6+ Kg8 41. Bd5+ Rff7 42. Qxf6 h5 43. Bxf7+ Rxf7 44. Qh8# 1-0

[Event "AUTO-INT-2128"]
[Site "http://www.queenalice.com/game.php?id=978472"]
[Date "2011.8.29"]
[Round "1"]
[White "SunKite"]
[Black "giottoric"]
[Result "0-1"]
[WhiteElo "1522"]
[BlackElo "1586"]

1. e4 e5 2. Qf3 Nf6 3. Nc3 c6 4. Bc4 d6 5. Nce2 Be6 6. b3 d5 7. exd5 cxd5 8.
Bb5+ Bd7 9. a4 a6 10. Bxd7+ Qxd7 11. d3 Bb4+ 12. c3 Be7 13. d4 Nc6 14. g4 Nxg4
15. Nh3 e4 16. Qg2 Bf6 17. Nef4 Rc8 18. Bd2 O-O 19. O-O Na5 20. Rab1 b5 21. axb5
axb5 22. Rb2 Bg5 23. Ra2 Nxb3 24. Rb2 Nxd2 25. Rd1 Nf3+ 26. Kf1 Ngxh2+ 27. Ke2
Bh6 28. Rdb1 Rxc3 29. Qh1 Ng4 30. Rc1 Nxd4+ 31. Kd2 Rb3 32. Rcb1 Nf3+ 33. Ke2
Nd4+ 34. Ke1 Rxb2 35. Rxb2 b4 36. Ne2 Qa7 37. Qg1 Nf3+ 38. Kd1 Nxg1 39. Nexg1 d4
40. Rxb4 e3 41. f3 Nf2+ 42. Ke2 Qa2+ 43. Kf1 Nxh3 44. Nxh3 d3 45. f4 e2+ 46. Ke1
Qa1+ 47. Kd2 e1=Q+ 48. Kxd3 Qg3+ 49. Kc4 Qxh3 50. Rb3 Qxb3+ 51. Kxb3 Rc8 52. f5
Qb1+ 53. Ka4 Ra8# 0-1

[Event "AUTO-INT-2128"]
[Site "http://www.queenalice.com/game.php?id=978473"]
[Date "2011.8.29"]
[Round "1"]
[White "giottoric"]
[Black "jamba"]
[Result "1-0"]
[WhiteElo "1639"]
[BlackElo "1561"]

1. e4 c5 2. Nf3 d6 3. d4 cxd4 4. Nxd4 Nf6 5. Nc3 Qa5 6. Bd3 Nxe4 7. Bxe4 Qe5 8.
O-O g6 9. Re1 Bg7 10. Bc6+ bxc6 11. Rxe5 Bxe5 12. Bh6 c5 13. Ndb5 Na6 14. Nd5
Rg8 15. Ndc7+ Nxc7 16. Nxc7+ Kd8 17. Nxa8 Bxb2 18. Rb1 Bd4 19. Qd2 Bf5 20. Qa5+
Kd7 21. Qc7+ Ke6 22. Qc6 Bxc2 23. Nc7+ Ke5 24. Re1+ Kf6 25. Qf3+ Bf5 26. Nd5#
1-0

[Event "AUTO-INT-2128"]
[Site "http://www.queenalice.com/game.php?id=978474"]
[Date "2011.8.29"]
[Round "1"]
[White "jamba"]
[Black "giottoric"]
[Result "0-1"]
[WhiteElo "1558"]
[BlackElo "1652"]

1. d4 d5 2. e3 Nf6 3. Bd3 a6 4. f4 e6 5. a3 Ne4 6. Nf3 Bd6 7. Ng5 Nxg5 8. fxg5
Qxg5 9. g3 e5 10. e4 Qf6 11. exd5 O-O 12. c3 Bh3 13. Nd2 Nd7 14. Nf3 Bg4 15. Be2
e4 16. Ne5 Bxe2 17. Qxe2 Rae8 18. Qg4 Nxe5 19. Qe2 Nf3+ 20. Kd1 Qf5 21. Rf1 Qxd5
22. Be3 Qb3+ 23. Kc1 c5 24. dxc5 Be5 25. a4 Rd8 26. Ra3 Qe6 27. Qc2 Nxh2 28. Rh1
Bxg3 29. Rb3 Rd3 30. Rxh2 Bxh2 31. c4 Rxe3 32. Rxe3 Bf4 33. Qf2 Qxc4+ 34. Kb1
Bxe3 35. Qxe3 Qxa4 36. b3 Qc6 37. b4 Rd8 38. Kb2 f5 39. Qb3+ Kf8 40. Qh3 Qa4 41.
Qxf5+ Kg8 42. Qe6+ Kh8 43. Qb6 Rd2+ 44. Kc3 Qc2# 0-1

[Event "AUTO-INT-2104"]
[Site "http://www.queenalice.com/game.php?id=987322"]
[Date "2011.9.19"]
[Round "2"]
[White "Marecki"]
[Black "giottoric"]
[Result "1-0"]
[WhiteElo "1604"]
[BlackElo "1604"]

1. Nf3 d5 2. d4 Nc6 3. g3 Qd6 4. Bg2 e6 5. O-O Nf6 6. Bf4 Qd7 7. a3 Bd6 8. Bxd6
Qxd6 9. Nc3 b6 10. b4 O-O 11. Re1 e5 12. dxe5 Nxe5 13. Nxe5 Qxe5 14. Nxd5 Nxd5
15. Qxd5 Qxd5 16. Bxd5 Rb8 17. e4 c6 18. Bxc6 Bh3 19. f4 a6 20. c4 Rbd8 21. Bd5
Be6 22. Bxe6 fxe6 23. e5 g6 24. Rad1 h5 25. Kf2 1-0

[Event "AUTO-INT-2104"]
[Site "http://www.queenalice.com/game.php?id=987323"]
[Date "2011.9.19"]
[Round "2"]
[White "giottoric"]
[Black "Marecki"]
[Result "0-1"]
[WhiteElo "1621"]
[BlackElo "1587"]

1. e4 e5 2. Bc4 Nf6 3. Nf3 Nc6 4. a3 h6 5. Nc3 Be7 6. O-O O-O 7. d4 d6 8. h3
exd4 9. Nxd4 Nxd4 10. Qxd4 c5 11. Qe3 a6 12. Qg3 b5 13. Bxh6 Nh5 14. Qe3 gxh6
15. Qxh6 Ng7 16. Bd5 Ra7 17. Rae1 Bg5 18. Qg6 Qf6 19. Qxf6 Bxf6 20. Re3 Re8 21.
Ne2 Be6 22. Nf4 Bxd5 23. Nxd5 Bxb2 24. Re2 Kf8 25. Re3 Bd4 0-1

[Event "AUTO-INT-2104"]
[Site "http://www.queenalice.com/game.php?id=987326"]
[Date "2011.9.19"]
[Round "2"]
[White "giottoric"]
[Black "WeffersoN_1988"]
[Result "0-1"]
[WhiteElo "1582"]
[BlackElo "1779"]

1. e4 e5 2. Bc4 Bc5 3. Nf3 Qf6 4. c3 g5 5. O-O g4 6. Ne1 h5 7. b4 Bb6 8. Nc2 d6
9. d4 h4 10. Ne3 Qg6 11. Na3 c6 12. f3 g3 13. hxg3 hxg3 14. Re1 Nf6 15. Nf5 Bxf5
16. b5 Qh5 17. Kf1 Qh1+ 18. Ke2 Qxg2+ 19. Kd3 Bg6 20. Be3 d5 21. Qe2 dxe4+ 22.
fxe4 Qxe2+ 23. Rxe2 Bxe4+ 24. Kd2 exd4 25. cxd4 Nbd7 26. Bg5 O-O-O 27. Nc2 Bxc2
28. Kxc2 Bxd4 29. Rb1 Rh2 30. Rxh2 gxh2 31. bxc6 bxc6 32. Bxf7 Bg1 33. Be6 h1=Q
34. Bxf6 Qg2+ 35. Kb3 Qf3+ 36. Bc3 Bd4 37. Rc1 Bxc3 38. Rxc3 Qe4 39. Bc4 Kc7 40.
Ka3 Rb8 41. Bb3 Qe5 42. Kb2 Nc5 43. Kc2 Qe2+ 44. Kb1 Rf8 45. Bc4 Rf1+ 46. Rc1
Rxc1+ 0-1

[Event "AUTO-INT-2104"]
[Site "http://www.queenalice.com/game.php?id=987327"]
[Date "2011.9.19"]
[Round "2"]
[White "WeffersoN_1988"]
[Black "giottoric"]
[Result "1-0"]
[WhiteElo "1834"]
[BlackElo "1588"]

1. Nc3 d5 2. d4 Nf6 3. Bg5 e6 4. a3 c5 5. dxc5 Bxc5 6. e3 O-O 7. Qf3 Be7 8. h4
e5 9. O-O-O Be6 10. Bxf6 Bxf6 11. Nxd5 a6 12. Nxf6+ Qxf6 13. Qxb7 Qxf2 14. Qf3
Qxf3 15. Nxf3 f6 16. Bd3 Bg4 17. Bc4+ Kh8 18. Rd2 Nd7 19. Rd6 Nc5 20. b4 Ne4 21.
Rxa6 Rac8 22. Bd5 Rc3 23. Bxe4 Rxe3 24. Bc6 Re2 25. b5 Rxg2 26. Nxe5 Rg3 27.
Nxg4 Rxg4 28. Re1 h6 29. Ra8 Rxa8 30. Bxa8 h5 31. b6 Ra4 32. b7 Rxa3 33. b8=Q+
Kh7 34. Be4+ 1-0

[Event "AUTO-INT-2049"]
[Site "http://www.queenalice.com/game.php?id=991167"]
[Date "2011.9.29"]
[Round "2"]
[White "giottoric"]
[Black "rlarin"]
[Result "0-1"]
[WhiteElo "1599"]
[BlackElo "1742"]

1. e4 b6 2. Bc4 Bb7 3. Nc3 Nf6 4. e5 Bxg2 5. exf6 Bxh1 6. fxg7 Bxg7 7. Bxf7+
Kxf7 8. Qh5+ Kf8 9. d4 Qe8 10. Qf5+ Qf7 11. Qd3 Nc6 12. Be3 Nb4 13. Qd2 Qg6 14.
O-O-O e6 15. Nge2 Bd5 16. b3 Bf3 17. Rg1 Qf5 18. Ng3 Qg6 19. a3 Nc6 20. Nb5 e5
21. dxe5 Nxe5 22. Bd4 c6 23. Qf4+ Kg8 24. Bxe5 Bh6 25. Qxh6 Qxh6+ 26. Bf4 Qxf4+
27. Kb1 Qg5 28. Nd6 Kf8 29. h4 Qc5 30. Ngf5 Be4 31. Rc1 Bxf5 32. Nxf5 Qxf5 0-1